| 000 -ლიდერი |
| ფიქსირებული სიგრძის საკონტროლო ველი |
01509nam a2200265Ia 4500 |
| 001 - საკონტროლო ნომერი |
| საკონტროლო ველი |
20883 |
| 003 - საკონტროლო ნომრის იდენტიფიკატორი |
| საკონტროლო ველი |
GE_BSU |
| 005 - ბოლო ოპერაციის თარიღი და დრო |
| საკონტროლო ველი |
20200521144659.0 |
| 008 - ფიქსირებული სიგრძის მონაცემთა ელემენტები - ზოგადი ინფორმაცია |
| ფიქსირებული სიგრძის საკონტროლო ველი |
181216s2016ge xx |||||||||||||| ||geo|| |
| 020 ## - წიგნის საერთაშორისო სტანდარტული ნომერი |
| International Standard Book Number |
9789941938696 |
| 040 ## - კატალოგიზაციის წყარო |
| Transcribing agency |
GE_BSU |
| 041 ## - ენის კოდი |
| Language code of text/sound track or separate title |
geo |
| 080 ## - უნივერსალური ათობითი კლასიფიკაციის ინდექსი |
| Universal Decimal Classification number |
34.096+347 კ-15 |
| 245 ## - ცნობა სათაურის შესახებ |
| Title |
კაზუსის ამოხსნის მეთოდიკა სამოქალაქო სამართალში : |
| Remainder of title |
თანდართული კაზუსის ნიმუშებით / |
| Statement of responsibility, etc |
დიანა ბერეკაშვილი ; მზია თოდუა ; სოფო ჩაჩავა; ზურაბ ძლიერიშვილი ; წინასიტყვაობა: იენს დეპპე, ტერეზა ტალჰამერი . |
| 264 ## - წარმოების, გამოცემის, დისტრიბუციის და სხვა ცნობები |
| გამოცემის, წარმოების, დისტრიბუციის... ადგილი |
თბილისი : |
| გამოცემის, წარმოების, დისტრიბუციის... სახელწოდება |
ბონა კაუზა, |
| გამოცემის, წარმოების, დისტრიბუციის... თარიღი |
2016. |
| 300 ## - ფიზიკური აღწერა |
| Extent |
197გვ .: |
| Dimensions |
20 სმ. |
| 526 ## - STUDY PROGRAM INFORMATION NOTE |
| Program name |
წიგნი გამოცემულია GIZ-ის ფინანსური მხარდაჭერით. |
| 653 ## - INDEX TERM--UNCONTROLLED |
| Uncontrolled term |
კაზუსის ამოხსნა სამოქალაქო სამართალში |
| 653 ## - INDEX TERM--UNCONTROLLED |
| Uncontrolled term |
სამართალი |
| 700 ## - ADDED ENTRY--PERSONAL NAME |
| Personal name |
ბერეკაშვილი, დიანა |
| 9 (RLIN) |
8150 |
| 700 ## - ADDED ENTRY--PERSONAL NAME |
| Personal name |
თოდუა, მზია |
| 9 (RLIN) |
5328 |
| 700 ## - ADDED ENTRY--PERSONAL NAME |
| Personal name |
ჩაჩავა, სოფო |
| 9 (RLIN) |
8151 |
| 700 ## - ADDED ENTRY--PERSONAL NAME |
| Personal name |
ძლიერიშვილი, ზურაბ |
| 9 (RLIN) |
8152 |
| 942 ## - ADDED ENTRY ELEMENTS (KOHA) |
| Koha item type |
წიგნი |
| Source of classification or shelving scheme |
|